| 000 | 04173cam a2200445 i 4500 | ||
|---|---|---|---|
| 999 |
_c116911 _d116911 |
||
| 001 | 20492836 | ||
| 003 | BJBSDDR | ||
| 005 | 20230411090818.0 | ||
| 007 | ta | ||
| 008 | 180511s2018 nyuab b 001 0 eng | ||
| 010 | _a 2018021716 | ||
| 020 | _a9780374280499 (hardcover) | ||
| 040 |
_aDLC _beng _cDLC _erda _dDLC |
||
| 041 | 1 |
_aeng _hpor |
|
| 042 | _apcc | ||
| 043 | _as-bl--- | ||
| 050 | 0 | 0 |
_aF2510 _bS399 2018 |
| 082 | 0 | 0 |
_a981 _223 |
| 100 | 1 |
_aSchwarcz, Lilia Moritz, _eauthor. _924648 _d1957- |
|
| 240 | 1 | 0 |
_aBrasil. _lEnglish |
| 245 | 1 | 0 |
_aBrazil : _ba biography / _cLilia M. Schwarcz and Heloisa M. Starling. |
| 250 | _aFirst American edition. | ||
| 260 |
_aNew York : _bFarrar, Straus and Giroux, _c2018 |
||
| 264 | 1 |
_aNew York : _bFarrar, Straus and Giroux, _c2018. |
|
| 300 |
_axxvi, 761 pages : _billustrations, maps ; _c24 cm |
||
| 336 |
_atext _btxt _2rdacontent |
||
| 337 |
_aunmediated _bn _2rdamedia |
||
| 338 |
_avolume _bnc _2rdacarrier |
||
| 500 | _aOriginally published: Brasil: uma Biografia : Companhia das Letras, Brazil, 2015. | ||
| 504 | _aIncludes bibliographical references and index. | ||
| 505 | 0 | _aIntroduction: "Brazil is just nearby" -- First came the name, and then the land called Brazil -- The sugar civilization: bitter for the many, sweet for a few -- Tit for tat: slavery and the naturalization of violence -- Gold! -- Revolt, conspiracy and sedition in the tropical paradise -- Ship ahoy! a court at sea -- Dom João and his court in the tropics -- The father leaves, the son remains -- Independence habemus: instability in the First empire -- Regencies, or the sound of silence -- The second reign: at last, a nation in the tropics -- The end of the monarchy in Brazil -- The first republic: the people take to the streets -- Samba, malandragem, authoritarianism: the birth of modern Brazil -- Yes, we have democracy! -- The 1950s and 1960s: bossa- nova, democracy and underdevelopment -- On a knife edge: dictatorship, opposition and resistance -- On the path to democracy: the transition to civilian power and the ambiguities and legacy of the military dictatorship -- Conclusion: history is not arithmetic. | |
| 520 | _aWritten by two leading historians, Brazil: A Biography is a sweeping and absorbing portrait of Brazil from its origins to the twenty-first century. For many Americans, Brazil is a land of contradictions: vast natural resources and entrenched corruption; extraordinary wealth and grinding poverty; beautiful beaches and violence-torn favelas. Brazile received more than 40 percent of the African population that was stolen from the continent, and was the last country in the Western world to abolish the slave system. Brazil is larger than the contiguous United States and occupies a vivid place in the American imagination, yet it remains largely unknown. In an extraordinary journey that spans more than five hundred years, from the Amerindian civilization to the 2016 Summer Olympics, Lilia M. Schwarcz and Heloisa M. Starling's Brazil offers a rich and dramatic history of this complex country. The authors not only reconstruct the epic story of the nation but follow the shifting byways of food, art, and popular culture; the plights of minorities; and the ups and downs of economic cycles. Drawing on a range of original scholarship in history, anthropology, political science, literature, and economics, Schwarcz and Starling reveal a long process of unfinished social, political, and economic progress and struggle, a story in which the troubled legacy of the mixing of races, postcolonial political dysfunction, and inequality persist to this day. Even now, Brazil stands as one of the world's great experiements - creative, harsh, unique, and as compelling a story for outsiders as for its inhabitants. -- From dust jacket | ||
| 546 | _aTranslated from Portuguese. | ||
| 651 | 0 |
_aBrazil _xCivilization. |
|
| 651 | 0 |
_aBrazil _xHistory. |
|
| 700 | 1 |
_aStarling, Heloisa Maria Murgel, _eauthor. _924649 _d1956- |
|
| 906 |
_a7 _bcbc _corignew _d1 _eecip _f20 _gy-gencatlg |
||
| 942 |
_2lcc _cBK |
||